000 00445nam a2200169Ia 4500
008 230524s9999 xx 000 0 und d
020 _a9789385039003
082 _a628
_bRAN
100 _aRangwala
245 0 _aWater Supply and Sanitary Engineering: Including Environmental Engineering
250 _a28
260 _aGujarat
_bCharotar
_c2015
300 _a"Xiv,784p;"
500 _aQuantity Number: 20
650 _aCivil
942 _cBK
999 _c56341
_d56341